Nalaganje...
Rock weathering
| Glavni avtor: | |
|---|---|
| Format: | Printed Book |
| Jezik: | Undetermined English |
| Izdano: |
New York
Plenum Press
1970
|
| Teme: |
| LEADER | 00595nam a2200193Ia 4500 | ||
|---|---|---|---|
| 008 | 140306s9999 xx 000 0 und d | ||
| 041 | |a eng | ||
| 082 | |a 551 |b CAR/RO | ||
| 100 | |a Carroll, D | ||
| 245 | |a Rock weathering | ||
| 260 | |a New York |b Plenum Press |c 1970 | ||
| 300 | |a 203 | ||
| 365 | |b U.S.D.19.50 | ||
| 440 | |v Monographs in geosciences | ||
| 650 | |a earth science | ||
| 650 | |a Geological survey | ||
| 942 | |2 ddc |c BK | ||
| 999 | |c 108753 |d 108753 | ||
| 952 | |0 0 |1 0 |2 ddc |4 0 |6 551_000000000000000_CARRO |7 0 |9 106124 |a KAUHCV |b KAUHCV |d 2004-03-23 |g 0.00 |o 551 CAR/RO |p KAU_HCV-4542 |r 2014-03-22 |w 2014-03-22 |y BK | ||